| 000 | 00983 a2200229 4500 | ||
|---|---|---|---|
| 001 | 47459 | ||
| 005 | 20260407155741.0 | ||
| 008 | 260407a1981 arg spa d | ||
| 003 | AR-UNSa-BCEJYS | ||
| 040 |
_aAR-UNSa-BCEJYS _bspa _cAR-UNSa-BCEJYS |
||
| 080 |
_a330.101 _xCiencia económica en general. La economía y sus problemas. Objeto y métodos de la economía política |
||
| 245 | 1 | 0 | _aEconomía Política II |
| 020 | _a968-16-0557-8 | ||
| 264 | 1 |
_aMéxico : _bFondo de Cultura Económica _c1981 |
|
| 300 |
_a262 p. _c21 cm. |
||
| 505 | _a1. El proceso social de producción y reproducción - 2. Relaciones cuantitativas en la producción - 3. Renovación de los medios de producción - 4. Condiciones de equilibrio de la reproducción. | ||
| 942 | _cBK | ||
| 590 | _aniveau_biblio:m niveau_hierar:0 | ||
| 100 | 1 | _akerlow, Ezbieta G. de | |
| 700 | 1 | _aLange, Oskar | |
| 856 | 4 | 1 |
_uhttps://www.biblioeco.unsa.edu.ar/pmb/images/libros/L127506.jpg _yImagen de portada _qimage/jpeg |
| 999 |
_c4363 _d4363 |
||